| 000 | 00571nam a2200145 a 4500 | ||
|---|---|---|---|
| 008 | 081201s1999 ||||||||||||||||| || u | ||
| 050 | _aGOV.ZAM(02)1999/1 | ||
| 110 | _aGovernment of the Republic of Zambia (GRZ) | ||
| 245 | 1 | 0 | _aNational capacity building programme for good governnance in Zambia |
| 260 |
_a[Lusaka] _b[GRZ] _c1999 |
||
| 300 | _aix, 175p. | ||
| 350 | _a0.00 | ||
| 650 | _aGOOD GOVERNANCE--ZAMBIA | ||
| 995 |
_D0.00 _FCBU-MAIN LIBRARY (Kitwe) _H1 _I0.00 _M1 _UAVAILABLE _WDec 1, 2008 _ZZambiana Collection |
||
| 999 |
_c51916 _d51916 |
||